Two thrillers: (Record no. 26321)
[ view plain ]
| 000 -LEADER | |
|---|---|
| fixed length control field | 00707 a2200193 4500 |
| 010 ## - LCCN (DPL NO) | |
| LC control number | B-285054, B-215814 |
| 020 ## - INTERNATIONAL STANDARD BOOK NUMBER | |
| International Standard Book Number | 8129102986 |
| Terms of availability | 295.00 |
| 020 ## - INTERNATIONAL STANDARD BOOK NUMBER | |
| International Standard Book Number | 9788129102980 |
| Terms of availability | 295.00 |
| 035 ## - SYSTEM CONTROL NUMBER | |
| System control number | B-285054, B-215814,B-215811 |
| 037 ## - SOURCE OF ACQUISITION | |
| Source of stock number/acquisition | UBH |
| 082 ## - DEWEY DECIMAL CLASSIFICATION NUMBER | |
| Classification number | N |
| 100 ## - MAIN ENTRY--PERSONAL NAME | |
| Personal name | Menon, Ramesh |
| 245 ## - TITLE STATEMENT | |
| Title | Two thrillers: |
| Statement of responsibility, etc | by Ramesh Menon |
| Remainder of title | the hunt for K and a whiff of old evil / |
| 260 ## - PUBLICATION, DISTRIBUTION, ETC. (IMPRINT) | |
| Place of publication, distribution, etc | New Delhi |
| Name of publisher, distributor, etc | Rupa |
| Date of publication, distribution, etc | 2003 |
| 270 ## - ADDRESS | |
| Address | 7/16, Ansari Road, Darya Ganj |
| City | New Delhi |
| Postal code | 110002 |
| 300 ## - PHYSICAL DESCRIPTION | |
| Extent | 416p. |
| Dimensions | 20cm. (pbk) |
| 942 ## - ADDED ENTRY ELEMENTS (KOHA) | |
| Institution code [OBSOLETE] | dpl |
| Item type | English Books |
| Source of classification or shelving scheme | Dewey Decimal Classification |
| Classification part | N |
| Call number suffix | MEN |
| Withdrawn status | Lost status | Not for loan | Collection code | Home library | Current library | Date acquired | Source of acquisition | Cost, normal purchase price | Full call number | Barcode | Copy number | Cost, replacement price | Koha item type |
|---|---|---|---|---|---|---|---|---|---|---|---|---|---|
| Fiction | R.C.Libraries (zls) | R.C.Libraries (zls) | 09/11/2018 | 295.00 | N MEN | B-215814 | 1 | 295.00 | English Books | ||||
| Fiction | Vigyan Vihar | Vigyan Vihar | 07/03/2019 | BPPD/PUB | 295.00 | N MEN | B-215811 | 295.00 | English Books | ||||
| Fiction | Vinoba Puri | Vinoba Puri | 13/05/2009 | UBH/143/25.8.08/187/21.7.08/29.8.08 | 295.00 | N MEN | B-285054 | 1 | 295.00 | English Books |
